1212 1298 1104 1435 1110 1201 1867 1914 1211 1354 1537 1336 1813 1866 1397 1950 1841 1622 1187 1715 1613 1260 1396 1456 1229 1079 1303 1304 1398 1689 1085 1405 1887 1871 1082 1373 1501 1174 1806 1504 1441 1801 1999 1861 1274 1191 1188 1286 1622 1149 1743 1400 1154 1141 1205 1995 1228 1390 1900 1623 1801 1533 1410 1064 1977 1737 1737 1964 1712 1852 1750 1562 1641 1204 1203 1714 1641 1994 1067 1082 1272 1764 1957 1900 1832 1584 1597 1559 1098 1778 1590 1305 1740 1281 1356 1851 1183 1638 1341 BCNSPRNW ULIB Ver.6.0+V

เปลี่ยนเป็นภาษาไทย

Change to English
 แสดงรายละเอียดบรรณานุกรม
  กลับหน้าหลัก

Brief Record : Get Marc (ISO 2709) : E-mail record : QR code < ปิดหน้าต่าง
LEADER : 00000nam 2200000uu 4500
001    13399127355
003     ULIB
008    200512s||||||||th 000 0 tha d
020    ^a9781496389589
060 04 ^aWM34^bS126k
100 1  ^aSadock, Benjamin J.,^d1933-
245 10 ^aKaplan & Sadock s pocket handbook of psychiatric drugtreatment /^cBenjamin J. Sadock, Virginia A. Sadock,Norman Sussman
246 30 ^aKaplan and Sadock s pocket handbook of psychiatric drugtreatment
246 30 ^aPocket handbook of psychiatric drug treatment
246 30 ^aPsychiatric drug treatment
250    ^a4th ed.
260    ^aPhiladelphia :^bWolters Kluwer,^c2019
300    ^axx, 315 p. :^bill. ;^c21 cm.
504    ^aIncludes bibliographical references and index
650  2 ^aMental Disorders^xdrug therapy^vhandbooks
650  2 ^aPsychotropic Drugs^xtherapeutic use^vhandbooks
700 1  ^aSadock, Virginia A.
700 1  ^aSussman, Norman
945    ^p3370^l0^i007028
999    ^aประนอม เกษจรัล
รายการนี้ยังไม่มีแท็ก
คุณยังไม่ได้ล็อกอิน คุณสามารถมีกิจกรรมร่วมกับเว็บไซต์ได้ แต่ต้องล็อกอินก่อน ::
  ล็อกอิน

รายการสื่อสารสนเทศ

ลำดับที่ ประเภท เลขเรียก/บาร์โค้ด สถานที่ สถานะ
1. วิทยาศาสตร์การแพทย์ และสุขภาพ
หนังสือสำรอง
สถานะ=หนังสือสำรอง
WM34 S126k ฉ.1 
  Barcode: 007028
ห้องสมุดวิทยาเขตสวรรค์ประชารักษ์
►หนังสือทั่วไป
บนชั้น

BibComment


ยังไม่เคยถูกคอมเมนท์

คอมเมนท์ทรัพยากรรายการนี้
  คอมเมนท์: Kaplan Sadock s..


 Copyright 2026. Bcnsprnw @Library